000 00436nam a2200181Ia 4500
001 16659
005 20260306170326.0
008 260306t2011||||xx |||||||||||||| ||und||
041 _aESP
082 _a349.09
_bR24 T. 7
100 _aRamos Nuñez, Carlos
_eAUT
245 0 _aHistoria del derecho civil peruano:
_bsiglos XIX y XX
260 _c2011
300 _a
_c
650 _aGEN
654 _aCDE
942 _cLIB
_dJUS
_fJUS
_2ddc
_n
999 _c16659
_d16659